Real Sociedad Bascongada de los Amigos del País (Registro nro. 165561)
[ vista simple ]
| 000 -LEADER | |
|---|---|
| campo de control de longitud fija | 00893nam a22002055i 4500 |
| 001 - NÚMERO DE CONTROL | |
| campo de control | 165561 |
| 003 - IDENTIFICADOR DE NÚMERO DE CONTROL | |
| campo de control | ES-MaACL |
| 005 - FECHA Y HORA DE LA ÚLTIMA TRANSACCIÓN | |
| campo de control | 20250627063658.0 |
| 008 - DATOS DE LONGITUD FIJA--INFORMACIÓN GENERAL | |
| campo de control de longitud fija | 961108s1880 sp |||| | spa d |
| 040 ## - FUENTE DE CATALOGACIÓN | |
| Centro catalogador/agencia de origen | EUS |
| Lengua de catalogación | spa |
| Centro/agencia transcriptor | EUS |
| 080 ## - NÚMERO DE LA CLASIFICACIÓN DECIMAL UNIVERSAL | |
| Número de la Clasificación Decimal Universal | 061.235(460.15)(091) |
| 100 1# - ENTRADA PRINCIPAL--NOMBRE DE PERSONA | |
| Nombre de persona | Soraluce y Zubizarreta, Nicolás de, |
| Fechas asociadas al nombre | 1820-1884 |
| 9 (RLIN) | 132822 |
| 245 10 - MENCIÓN DEL TÍTULO | |
| Título | Real Sociedad Bascongada de los Amigos del País |
| Resto del título | : sus antecedentes y otros sucesos con ella relacionados : historia compendiada / |
| Mención de responsabilidad, etc. | por D. Nicolás de Soraluce y Zubizarreta. |
| 260 ## - PUBLICACIÓN, DISTRIBUCIÓN, ETC. | |
| Lugar de publicación, distribución, etc. | [S.l. : |
| Nombre del editor, distribuidor, etc. | s.n.], |
| Fecha de publicación, distribución, etc. | 1880 ( |
| Lugar de fabricación/manufactura | San Sebastian : |
| Fabricante | Establecimiento Tipográfico de Juan Oses..) |
| 300 ## - DESCRIPCIÓN FÍSICA | |
| Extensión | 108, [4] p. ; |
| Dimensiones | 21 cm. |
| 597 ## - NOTA DE DESCRIPCIÓN FÍSICA | |
| NOTA DE DESCRIPCIÓN FÍSICA | Signaturizado. |
| 610 24 - PUNTO DE ACCESO ADICIONAL DE MATERIA--NOMBRE DE ENTIDAD CORPORATIVA | |
| Nombre de entidad corporativa o nombre de jurisdicción como elemento de entrada | Real Sociedad Bascongada de los Amigos del País- |
| Subdivisión de forma | Historia |
| 9 (RLIN) | 6367 |
| 852 ## - LOCALIZACIÓN | |
| Ubicación | ES-MaACL |
| Número de control de estantería | T-427-F-5 |
| Nota libre | -- Enc. hol. |
| -- | -- Enc. en un vol. facticio |
| Estatus retirado | Estado de pérdida | Estado de daño | No para préstamo | Colección | Biblioteca de origen | Biblioteca actual | Ubicación en estantería | Fecha de adquisición | Total de préstamos | Signatura topográfica completa | Código de barras | Visto por última vez | Precio de reemplazo | Tipo de ítem Koha |
|---|---|---|---|---|---|---|---|---|---|---|---|---|---|---|
| Colección de folletos | Biblioteca del Ateneo de Madrid | Biblioteca del Ateneo de Madrid | Depósito folletos | 17/01/2008 | T-427-F-5 | 1173622 | 23/02/2023 | 23/02/2023 | Folleto |
